250121 - Quiz quotidien du 21 janvier 2025 - Statistiques

Statistiques générales
  • Ce quiz a été pris 64 fois
  • Le résultat moyen est 7 sur 10
Statistiques - réponses
Question Réponse % Correct
Quel type d'animal est Blu, le personnage principal du film d'animation "Rio" de 2011 ? Ara
100%
Qui avait une épée nommée Excalibur ? Le roi Arthur
100%
Quel sport se joue au Stade Roland Garros à Paris ? Tennis
100%
Lequel de ces éléments est une couche de l'atmosphère terrestre ? Stratosphère
88%
Quel fut le premier livre de James Bond à être publié, mais qui ne fut adapté en film qu'en 2006 ? Casino Royale
71%
Laquelle de ces villes se trouve sur le fleuve Nil ? Louxor
71%
Où se trouve la ville de Mandalay ? Myanmar
53%
Quel ingrédient donne sa couleur au cocktail cosmopolitan ? Jus de canneberge
47%
Qui est le chef pirate dans le livre "L'Île au trésor" ? Long John Silver
29%
Lequel de ces magnats possède un casino à Las Vegas qui porte son nom ? Steve Wynn
12%
Aucun quiz correspondant
Distribution des résultats
% des personnes avec chaque résultat
Percentile par nombre de réponses
Votre historique - résultats
Vous n’avez pas pris ce quiz